000 00316nam a2200109 a 4500
005 20140513081050.0
008 020606s19uu xx 00 eng d
050 _aP 900
_bALP
245 _aOur country's leaders, Poster 19 :
_bFamilies care about each other, Poster 4.
650 _aPresidents--Poster
999 _c116305
_d116305